000 00670nam a2200217 a 4500
003 BD-JhCC
005 20240321102206.0
008 240321b 2012b |||| ||a| 000 0 b d
020 _a9848513221
035 _a(BD-JhCC)
040 _aBD-JhCC
_dBD-JhCC
041 _aben
082 _a782.532
_bRAI 2012
100 _a রায়, শঙ্কর
245 _aভারতীয় প্রিয় আধুনিক গানের স্বরলিপি /
_bশঙ্কর রায়
260 _aঢাকা:
_bকাকলী প্রকাশনী;
_c2012.
300 _a176 p. :
_c22 cm.
650 _aSong
942 _2ddc
_cBK
999 _c13752
_d13752